Autocad 2000 : Guía completa

Bibliographic Details
Main Author: Cros, Jordi
Format: Section = Libro
Language:Undetermined
Spanish
Published: España Inforbooks 2000
Subjects:
LEADER 00538nam a2200205Ia 4500
008 240829s9999 xx 000 0 und d
020 |a 84-95318-45-8 
040 |a BIBLIOTECA-RUPAP 604.2 C949 
041 |a spa 
082 |a 604.2 C949 
100 1 |a Cros, Jordi 
245 1 0 |a Autocad 2000 : Guía completa 
260 |a España  |b Inforbooks  |c 2000 
300 |a 623 p. :il. 
650 7 |a DIBUJO TECNICO 
650 7 |b  DISEÑO DE ESTRUCTURAS 
650 7 |c  PROGRAMAS - COMPUTADORAS. I. Tít. 
942 |c BK  |2 ddc 
991 |a TEXTO 
999 |c 8703